| Tag |
First Indicator |
Second Indicator |
Subfields |
| LEADER |
00000pam a2200000 a 4500 |
| 001 |
in00000636921 |
| 005 |
20151015054148.0 |
| 008 |
810318s1981 mau b 00000 eng |
| 010 |
|
|
|a 81002607
|
| 020 |
|
|
|a 0930436083 (pbk.)
|
| 035 |
|
|
|a (OCoLC)07306094
|
| 035 |
|
|
|9 ACU7551AM
|
| 039 |
0 |
|
|a 2
|b 3
|c 3
|d 3
|e 3
|
| 040 |
|
|
|a DLC
|c DLC
|d TXA
|d UtOrBLW
|
| 049 |
|
|
|a TXAM
|c [1244062]
|
| 050 |
0 |
0 |
|a PS595.L46
|b L4
|
| 082 |
0 |
|
|a 811/.54/080353
|2 19
|
| 245 |
0 |
0 |
|a Lesbian poetry, an anthology /
|c edited by Elly Bulkin & Joan Larkin.
|
| 250 |
|
|
|a 1st ed.
|
| 264 |
|
1 |
|a Watertown, Mass. :
|b Persephone Press,
|c [1981]
|
| 264 |
|
4 |
|c ©1981
|
| 300 |
|
|
|a xxxiv, 296 pages ;
|c 22 cm.
|
| 336 |
|
|
|a text
|b txt
|2 rdacontent
|
| 337 |
|
|
|a unmediated
|b n
|2 rdamedia
|
| 338 |
|
|
|a volume
|b nc
|2 rdacarrier
|
| 504 |
|
|
|a Includes bibliographies.
|
| 650 |
|
0 |
|a Lesbianism
|x Poetry.
|
| 650 |
|
0 |
|a American poetry
|x Women authors.
|
| 650 |
|
0 |
|a American poetry
|y 20th century.
|
| 700 |
1 |
|
|a Bulkin, Elly,
|d 1944-
|
| 700 |
1 |
|
|a Larkin, Joan.
|
| 999 |
|
|
|a MARS
|
| 999 |
f |
f |
|s 3d5c7d9a-ada0-35ad-a2d6-1ddfee94c7fb
|i 4f64cba2-3f5c-37da-b39c-7a8702f4ace6
|t 0
|
| 952 |
f |
f |
|p ric
|a Texas A&M University
|b Rellis Campus
|c Joint Library Facility
|d Remote Storage
|t 0
|e PS595.L46 L4
|h Library of Congress classification
|i unmediated -- volume
|m A14804041518
|
| 998 |
f |
f |
|a PS595.L46 L4
|t 0
|l Remote Storage
|